FOOTBALL - Effectif EDF phase finale Ligue des Nations 2021 - Statistiques

Statistiques générales
  • Ce quiz a été pris 53 fois
  • Le résultat moyen est 17 sur 24
Statistiques - réponses
Poste Nom % Correct
COACH Didier Deschamps
96%
Gardien de but Hugo Lloris
96%
Attaquant Kylian Mbappé
93%
Attaquant Anthony Martial (fdp)
91%
Défenseur Dayot Upamecano
89%
Attaquant Wissam Ben Yedder (fdp)
89%
Attaquant Antoine Griezmann
84%
Attaquant Karim Benzema
84%
Défenseur Lucas Hernandez
84%
Défenseur Raphaël Varane
84%
Milieu Théo Hernandez
84%
Gardien de but Mike Maignan
82%
Milieu Aurélien Tchouameni
76%
Défenseur Benjamin Pavard
76%
Milieu Paul Pogba
76%
Milieu Adrien Rabiot
73%
Défenseur Jules Koundé
73%
Défenseur Lucas Digne
60%
Gardien de but Benoît Costil
42%
Défenseur Presnel Kimpembe
42%
Milieu Jordan Veretout
36%
Défenseur Léo Dubois
33%
Attaquant Moussa Diaby
27%
Milieu Mattéo Gendouzi
4%
Aucun quiz correspondant
Distribution des résultats
% des personnes avec chaque résultat
Percentile par nombre de réponses
Votre historique - résultats
Vous n’avez pas pris ce quiz